000 00615nam a22002177a 4500
001 BD-DhSAU 1353
003 BD-DhSAU
005 20150114154348.0
008 150114b1991 ii a||||r|||| 001 0 eng d
040 _aBD-DhSAU
082 _222
_a632.9
_bPRA
100 _aPradhan, S.
245 _aAgricultural entomology and pest control /
_cS. Pradhan.
260 _aNew Delhi :
_bIndian Council of Agricultural Research ;
_cc1991.
300 _avi, 267 p. :
_bill. ;
_c24 cm.
504 _aIncludes index.
590 _ajoy
650 _aEntomology.
650 _aAgricultural entomology.
650 _aPest control.
942 _2ddc
_cBOOK
999 _c1353
_d1353